| 000 | 00539nam a22001937a 4500 | ||
|---|---|---|---|
| 003 | LC | ||
| 005 | 20160222141508.0 | ||
| 008 | 130909t xxu||||| |||| 00| 0 eng d | ||
| 020 | _a9780439660433 | ||
| 050 |
_aHV 1624 _b.Sa116 2006 |
||
| 082 |
_aFIC _bSa1 2006 |
||
| 100 |
_aSabin, Francene _917519 |
||
| 245 |
_aHelen keller : _bgirl of courage _cFrancene Sabin and Joanne Mattern. |
||
| 260 |
_aNew York : _bScholastic, _c2006. |
||
| 300 |
_a56 p. ; _bill. ; _c20 cm. |
||
| 650 |
_aFiction _9746 |
||
| 942 |
_2lcc _cBK |
||
| 999 |
_c10739 _d10739 |
||